000 00270nam a22001337a 4500
020 _a01289856447
041 _aENG
100 _aWelder
245 _aThank You Mr Welder
260 _aDelhi
_bAdavani -Oerlikon Lim
_c1994
300 _a73
650 _aGAE
856 _uGAE
999 _c308
_d308